| 000 | 00732nam a22002297a 4500 | ||
|---|---|---|---|
| 005 | 20230525021457.0 | ||
| 008 | 221214b |||||||| |||| 00| 0 eng d | ||
| 020 | _a978-1-111-57175-7 | ||
| 082 | _a005.5 H716 2015 | ||
| 100 |
_aHoggatt, Jack P. _eauthor |
||
| 245 |
_aCentury 21 computer skills and application lesson 1-90 / _cJack P. Hoggatt, Jon A. Shank, James R. Smith |
||
| 250 | _a10th ed. | ||
| 260 |
_aStanford, CT: _bCengage Learning, _cc2015. |
||
| 300 |
_axv, 404p.; _bcol. ill. |
||
| 504 | _aIncludes index | ||
| 541 | _e5466 | ||
| 650 | _aWord processing | ||
| 650 | _aKeyboarding (Electronics) | ||
| 650 | _aEnd-user computing | ||
| 700 |
_aShank, Jon A. _eauthor |
||
| 700 |
_aSmith, James R. _eauthor |
||
| 999 |
_c398 _d398 |
||